A-Z of Community Health in Medical Nursing and Health Education Practice (Record no. 3615)

MARC details
000 -LEADER
fixed length control field 00498nam a22001577a 4500
008 - FIXED-LENGTH DATA ELEMENTS--GENERAL INFORMATION
fixed length control field 250522b |||||||| |||| 00| 0 eng d
020 ## - INTERNATIONAL STANDARD BOOK NUMBER
ISBN 9782194492
100 ## - MAIN ENTRY--AUTHOR
Author Akinsola Henry Abayomi
245 ## - TITLE STATEMENT
Title A-Z of Community Health in Medical Nursing and Health Education Practice
250 ## - EDITION STATEMENT
Edition statement Second Edition
260 ## - PUBLICATION, DISTRIBUTION, ETC. (IMPRINT)
Place of publication Ibandan, Oyo State
Name of publisher College Press and Publisher Limited
Date of publication 2006
300 ## - COLLATION
Pagination xiii, 385p:
Other physical details 23cm;
650 ## - TRACINGS
Main Subject Community Health Nursing
942 ## - ADDED ENTRY ELEMENTS (KOHA)
Item type Books
050 ## - LIBRARY OF CONGRESS CALL NUMBER
Classification number RT98
Item number .A45 2006
Holdings
Source of classification or shelving scheme Not for loan Permanent location Current location Date acquired Accession No. Full call number Barcode. Koha item type
Library of Congress Classification   Medical Library Medical Library 05/22/2025 2011-1624 RT98.A45 2006 2025-2088 Books